| 000 | 00845nam a2200277 a 4500 | ||
|---|---|---|---|
| 001 | 10788 | ||
| 003 | BD-RjUL | ||
| 005 | 20241029143739.0 | ||
| 008 | 140125s1965 enk 001 0 eng | ||
| 035 | _a(BD-RjUL)10788 | ||
| 040 |
_aDLC _cDNLM _dOAU _dUk _dDLC _beng |
||
| 041 | _aeng | ||
| 060 | 0 | 0 |
_aQU 160 _bD996c 1965 |
| 082 |
_219 _a591.1926 _bDYC 1965 |
||
| 100 | 1 |
_aDyke, S. F. _q(Stanley Frederick) _929376 |
|
| 245 | 1 | 4 |
_aThe chemistry of the vitamins / _cS. F. Dyke. |
| 260 |
_aLondon : _bInterscience Publishers, _c1965. |
||
| 300 |
_aV. 6; 363 p. : _billus. ; _c22 cm. |
||
| 500 | _aIncludes index. | ||
| 650 | 0 |
_aVitamins. _933277 |
|
| 830 |
_aThe Chemistry of natural products, _vv. 6 _913974 |
||
| 942 |
_2ddc _cBK |
||
| 999 |
_c10788 _d10788 |
||